[Event "Moscow (Women)"]
[Site "Moscow"]
[Date "1990.??.??"]
[Round "?"]
[White "Sirotkina, Nina"]
[Black "Sakhatova, Elvira"]
[Result "1-0"]
[WhiteElo "2235"]
[BlackElo "2290"]

1.d4 Nf6 2.c4 e6 3.Nc3 Bb4 4.Qc2 O-O 5.a3 Bxc3+ 6.Qxc3 Ne4 7.Qc2 f5 8.Nh3 Nc6
9.e3 a5 10.f3 Nf6 11.Nf2 a4 12.Bd3 d6 13.O-O Qe8 14.Bd2 Bd7 15.Bc3 Qh5 16.e4 fxe4
17.Nxe4 Ne7 18.Rae1 Rae8 19.Ng3 Qf7 20.Re2 Ng6 21.Bd2 b6 22.Rfe1 Rb8 23.Bg5 b5
24.h4 bxc4 25.Bxc4 Rfe8 26.h5 Nf8 27.h6 d5 28.Bd3 Rb3 29.hxg7 Qxg7 30.Bf4 Reb8
31.Be5 Be8 32.Qxc7 N8d7 33.Bxf6 Nxf6 34.Qf4 R8b6 35.Rxe6 Bf7 36.Rxb6 Rxb6
37.Nf5 Qf8 38.Nh6+ Kh8 39.Re5 Bg6 40.Bxg6 hxg6 41.Ng4 Kg7 42.Qh6+ Kf7 43.Qxf8+ Kxf8
44.Nxf6 Rxf6 45.Rxd5 Rb6 46.Ra5 Rxb2 47.Rxa4  1-0

[Event "New York op"]
[Site "New York"]
[Date "1990.??.??"]
[Round "2"]
[White "Lerner, Konstantin Z"]
[Black "Janjgava, Lasha"]
[Result "1/2-1/2"]
[WhiteElo "2560"]
[BlackElo "2455"]

1.d4 Nf6 2.c4 e6 3.Nc3 Bb4 4.Qc2 O-O 5.a3 Bxc3+ 6.Qxc3 b6 7.Bg5 Bb7 8.f3 h6
9.Bh4 d5 10.e3 Nbd7 11.Nh3 c5 12.cxd5 Nxd5 13.Bxd8 Nxc3 14.Be7 Rfe8 15.Bh4 Nd5
16.Bb5 g5 17.Bf2 Red8 18.e4 N5f6 19.dxc5 Nxc5 20.Bxc5 bxc5 21.Rc1 a6 22.Be2 Rac8
23.Rc2 Rd4 24.O-O Nd7 25.Rfc1 Rb8 26.Nf2 a5 27.Rd1 Rxd1+ 28.Nxd1 Kf8 29.Ne3 Bc6
30.Kf2 Ke7 31.Nc4 a4 32.Ne3 Bb5 33.Nd1 Bxe2 34.Kxe2 Kd6 35.Nc3 Nb6 36.Nb5+  1/2-1/2

[Event "North Island op"]
[Site "North Island"]
[Date "1990.??.??"]
[Round "?"]
[White "Smith, Robert W"]
[Black "Green, P."]
[Result "1/2-1/2"]
[WhiteElo "2250"]
[BlackElo "2300"]

1.d4 Nf6 2.c4 e6 3.Nc3 Bb4 4.Qc2 O-O 5.a3 Bxc3+ 6.Qxc3 b6 7.Bg5 h6 8.Bh4 Bb7
9.e3 d6 10.f3 Nbd7 11.Bd3 Qe7 12.Ne2 e5 13.e4 a5 14.b3 Rfe8 15.O-O Nf8 16.Bf2 Ng6
17.b4 Nd7 18.d5 Qf8 19.c5 axb4 20.axb4 dxc5 21.Bb5 Qd6 22.bxc5 bxc5 23.Bxd7 Qxd7
24.Qxc5 c6 25.Nc3 cxd5 26.Nxd5 Rac8 27.Qa7 Ra8 28.Nb6 Rxa7 29.Nxd7 Rxa1 30.Rxa1 Bc6  1/2-1/2

[Event "Novi Sad ol (Men)"]
[Site "Novi Sad"]
[Date "1990.??.??"]
[Round "2"]
[White "Sunthornpongsathorn, Veeraphol"]
[Black "Agdestein, Simen"]
[Result "0-1"]
[WhiteElo "2320"]
[BlackElo "2600"]

1.d4 Nf6 2.c4 e6 3.Nc3 Bb4 4.Qc2 O-O 5.a3 Bxc3+ 6.Qxc3 b6 7.Bg5 Bb7 8.Nf3 d6
9.e3 Nbd7 10.Be2 Qe8 11.Bh4 Ne4 12.Qc2 f5 13.O-O Qg6 14.Rad1 Qh6 15.Bg3 g5
16.b4 Ndf6 17.c5 Rae8 18.c6 Bc8 19.Bd3 Nxg3 20.hxg3 Ng4 21.Rfe1 Qh5 22.e4 Rf6
23.Qd2 f4 24.e5 Rh6 25.Kf1 Qh1+ 26.Ke2 Qxg2 27.Rf1 Rf8 28.Be4 Ba6+ 29.Bd3 fxg3  0-1

[Event "Novi Sad ol (Men)"]
[Site "Novi Sad"]
[Date "1990.??.??"]
[Round "4"]
[White "Kozul, Zdenko"]
[Black "Jussupow, Artur"]
[Result "1/2-1/2"]
[WhiteElo "2560"]
[BlackElo "2605"]

1.d4 Nf6 2.c4 e6 3.Nc3 Bb4 4.Qc2 O-O 5.a3 Bxc3+ 6.Qxc3 b6 7.Nf3 Bb7 8.e3 d6
9.Be2 Nbd7 10.O-O Ne4 11.Qd3 f5 12.Nd2 Qh4 13.f3 Ng5 14.g3 Qh3 15.b4 Nf6
16.d5 exd5 17.Bb2 dxc4 18.Qxc4+ Bd5 19.Qd3 c6 20.Bxf6 Rxf6 21.b5 Rh6 22.Rf2 Qh5
23.bxc6 Bxc6 24.Kf1 Qf7 25.Rc1 Bb7 26.Nb3 Rf8 27.Nd4 Ne4 28.Rg2 Bd5 29.Kg1 Ng5
30.Bd1 Ne6 31.Nxe6 Qxe6 32.Rd2 Ba8 33.Bb3 d5 34.Bxd5 Bxd5 35.Qxd5 Kh8 36.Qxe6 Rxe6
37.Kf2 Re7 38.Rc3 g6 39.Rd5 Kg7 40.h3 h5 41.h4 Rf6 42.Ke2  1/2-1/2

[Event "Novi Sad ol (Men)"]
[Site "Novi Sad"]
[Date "1990.??.??"]
[Round "6"]
[White "Dive, Russell John"]
[Black "Barbero, Gerardo F"]
[Result "1/2-1/2"]
[WhiteElo "2290"]
[BlackElo "2475"]

1.d4 Nf6 2.c4 e6 3.Nc3 Bb4 4.Qc2 O-O 5.a3 Bxc3+ 6.Qxc3 b6 7.Bg5 h6 8.Bh4 d5
9.cxd5 exd5 10.e3 g5 11.Bg3 c5 12.Nf3 Ne4 13.Qc1 Re8 14.Be2 Bg4 15.O-O Nd7
16.Qd1 c4 17.Nd2 Bxe2 18.Qxe2 f5 19.Nxe4 Rxe4 20.f3 Re6 21.e4 b5 22.e5 Qb6
23.Bf2 Rf8 24.Qd2 Rf7 25.b3 Qc6 26.bxc4 bxc4 27.a4 Nf8 28.Rfb1 Rb7 29.Qc2 f4
30.h4 Ree7 31.hxg5 hxg5 32.Be1 Qh6 33.Rxb7 Rxb7 34.Rb1 Rxb1 35.Qxb1 Qb6 36.Qf5 Qg6
37.Qg4 Ne6 38.g3 Kf7 39.gxf4 gxf4 40.Qxg6+ Kxg6 41.Bc3 Ng7 42.Kf2 Nf5 43.Ke2 Kf7
44.Kd2 Ke6 45.Ke2 Ne3 46.Kd2 Kf5 47.Ke2 Kg5 48.Be1 Nc2 49.Bc3 Ne3 50.Be1 Nf5
51.Bc3 Ng7 52.Kf2 a6 53.Ke2 Kh4 54.Kf2 Kh3 55.Bd2 Ne6 56.Bc3 Kh2 57.Bb2 Kh3
58.Bc3 Kh4 59.Bb2 Ng7 60.Ba1 Ne8 61.Bc3 Nc7  1/2-1/2

[Event "Novi Sad ol (Men)"]
[Site "Novi Sad"]
[Date "1990.??.??"]
[Round "8"]
[White "Alzate, Dario"]
[Black "Tolnai, Tibor"]
[Result "0-1"]
[WhiteElo "2385"]
[BlackElo "2480"]

1.d4 Nf6 2.c4 e6 3.Nc3 Bb4 4.Qc2 O-O 5.Bg5 c5 6.dxc5 Qa5 7.Bxf6 gxf6 8.e3 Bxc3+
9.bxc3 Qxc5 10.Rb1 f5 11.Bd3 Kh8 12.Ne2 Nc6 13.Nf4 Ne5 14.Rb5 Qc7 15.O-O b6
16.Bxf5 exf5 17.Qxf5 f6 18.Qh5 d6 19.Rxe5 dxe5 20.Ng6+ Kg8 21.Nxf8 Kxf8 22.f4 e4
23.f5 Qf7 24.Qh4 Bb7 25.Rd1 Kg8 26.Rd6 Rf8 27.Qe1 Kh8 28.Qd1 Bc8 29.Rd5 Rg8
30.Qd4 Re8 31.Rd6 Kg7 32.g4 h6 33.Rd5 Re7 34.Kg2 Rc7 35.h4 Bb7 36.Rd6 Rxc4
37.Qd2 Bc8 38.Kg3 Rc5 39.Qd4 h5 40.g5 Rxf5 41.c4 Qe7 42.Rc6 Bb7 43.Rd6 Qe5+
44.Qxe5 fxe5 45.Rh6 Rf3+  0-1

[Event "Novi Sad ol (Men)"]
[Site "Novi Sad"]
[Date "1990.??.??"]
[Round "11"]
[White "Ostenstad, Berge"]
[Black "Hmadi, Slaheddine"]
[Result "1/2-1/2"]
[WhiteElo "2425"]
[BlackElo "2335"]

1.d4 e6 2.c4 Nf6 3.Nc3 Bb4 4.Qc2 O-O 5.a3 Bxc3+ 6.Qxc3 b6 7.Bg5 Bb7 8.Nh3 h6
9.Bh4 d5 10.cxd5 exd5 11.e3 c5 12.dxc5 d4 13.Qxd4 Qxd4 14.exd4 Re8+ 15.Kd2 g5
16.Bg3 Nc6 17.Rd1 Nxd4 18.Kc1 Nb3+ 19.Kb1 Be4+ 20.Ka2 Nxc5 21.f3 Bc2  1/2-1/2

[Event "Novi Sad ol (Men)"]
[Site "Novi Sad"]
[Date "1990.??.??"]
[Round "11"]
[White "Vera, Reynaldo"]
[Black "Galego, Luis"]
[Result "1/2-1/2"]
[WhiteElo "2485"]
[BlackElo "2360"]

1.d4 Nf6 2.c4 e6 3.Nc3 Bb4 4.Qc2 O-O 5.Nf3 b6 6.e4 d5 7.e5 Ne4 8.Bd3 Bb7
9.O-O Bxc3 10.bxc3 Na6 11.c5 bxc5 12.Rb1 Qc8 13.Ng5 Nxg5 14.Bxg5 h6 15.Be7 Re8
16.Bxc5 Nxc5 17.dxc5 Ba6 18.c6 Rf8 19.Rfe1 Bxd3 20.Qxd3 a6 21.Rb7 Qe8 22.Rxc7 Rc8
23.Rxc8 Qxc8 24.c4 Qxc6 25.cxd5 exd5 26.h3  1/2-1/2

[Event "Orange op"]
[Site "Orange"]
[Date "1990.??.??"]
[Round "4"]
[White "Werner, Dimo"]
[Black "Roos, Celine"]
[Result "1-0"]
[WhiteElo "2350"]
[BlackElo "2150"]

1.d4 Nf6 2.c4 e6 3.Nc3 Bb4 4.Qc2 O-O 5.a3 Bxc3+ 6.Qxc3 b6 7.Bg5 Bb7 8.f3 d6
9.Nh3 Nbd7 10.e3 Rc8 11.Bd3 h6 12.Bh4 Re8 13.O-O c5 14.Rad1 cxd4 15.Qxd4 Qc7
16.Be2 d5 17.cxd5 e5 18.Qd2 Bxd5 19.e4 Bb7 20.Rc1 Qb8 21.Bb5 Red8 22.Rxc8 Qxc8
23.Rc1 Nc5 24.Qe3 Qe6 25.b4 Ba6 26.Bxa6 Nxa6 27.Nf2 g5 28.Bg3 Nh5 29.Ng4 Nf4
30.Bxf4 exf4 31.Qc3 Nb8 32.Nf6+ Kf8 33.Nd5 Kg8 34.h4 Qd6 35.hxg5 Nd7 36.gxh6 Qxh6
37.Qc7 Qg5 38.Qxf4 Qxf4 39.Nxf4 Ne5 40.Nd5  1-0

[Event "Paris-ch"]
[Site "Paris"]
[Date "1990.??.??"]
[Round "?"]
[White "Bode, Ulf"]
[Black "Smagin, Sergey"]
[Result "0-1"]
[WhiteElo "2235"]
[BlackElo "2520"]

1.d4 Nf6 2.c4 e6 3.Nc3 Bb4 4.Qc2 O-O 5.a3 Bxc3+ 6.Qxc3 b6 7.Bg5 c5 8.dxc5 bxc5
9.e3 Nc6 10.Bd3 Rb8 11.Ne2 h6 12.h4 Qa5 13.Bxf6 gxf6 14.Qxa5 Nxa5 15.b4 Nc6
16.b5 Ne5 17.Kd2 d5 18.Kc3 Rd8 19.f3 Bb7 20.Rhc1 Kf8 21.a4 Ke7 22.cxd5 exd5
23.Kd2 Kd6 24.Nf4 c4 25.Bf1 Ng6 26.Nh5 Ke7 27.g3 Ne5 28.Be2 Bc8 29.g4 f5
30.g5 d4 31.f4 c3+ 32.Kd1 Ng6 33.Bd3 hxg5 34.hxg5 Rh8 35.Nf6 Be6 36.exd4 Nxf4
37.Bf1 Rh1 38.Kc2 Rc8 39.d5 Nxd5 40.Nxd5+ Bxd5 41.Re1+ Kd6 42.Rad1 Rh2+ 43.Re2 Rxe2+
44.Bxe2 Ke5 45.a5 f4 46.b6 axb6 47.axb6 Be4+ 48.Bd3 Bxd3+ 49.Rxd3 Rb8 50.Rd7 Ke6
51.Rd4 Kf5 52.Rd6 Kxg5 53.Kxc3 f3 54.Kd3 Re8 55.Rd7 f5 56.Rh7  0-1

[Event "Paris-ch"]
[Site "Paris"]
[Date "1990.??.??"]
[Round "?"]
[White "Vaisser, Anatoli"]
[Black "Lobron, Eric"]
[Result "1/2-1/2"]
[WhiteElo "2540"]
[BlackElo "2545"]

1.d4 Nf6 2.c4 e6 3.Nc3 Bb4 4.Qc2 O-O 5.a3 Bxc3+ 6.Qxc3 b6 7.Bg5 Bb7 8.Nh3 h6
9.Bh4 d5 10.cxd5 exd5 11.e3 c5 12.dxc5 d4 13.Bxf6 dxc3 14.Bxd8 cxb2 15.Rb1 Rxd8
16.Rxb2 Nd7 17.cxb6 axb6 18.f3 Rxa3 19.Kf2 Nc5 20.Be2 Rdd3 21.Rd1 Rxe3 22.Rxb6 Rec3  1/2-1/2

[Event "URS-chT"]
[Site "Podolsk"]
[Date "1990.??.??"]
[Round "?"]
[White "Bagirov, Vladimir"]
[Black "Balashov, Yuri S"]
[Result "1/2-1/2"]
[WhiteElo "2470"]
[BlackElo "2535"]

1.d4 Nf6 2.c4 e6 3.Nc3 Bb4 4.Qc2 O-O 5.a3 Bxc3+ 6.Qxc3 b6 7.Bg5 Bb7 8.f3 h6
9.Bh4 d5 10.e3 Re8 11.Nh3  1/2-1/2

[Event "Porz Citroen-Cup"]
[Site "Porz"]
[Date "1990.??.??"]
[Round "6"]
[White "Schoen, Wolfram"]
[Black "Rechmann, Peter"]
[Result "1/2-1/2"]
[WhiteElo "2380"]
[BlackElo "2355"]

1.d4 Nf6 2.c4 e6 3.Nc3 Bb4 4.Qc2 O-O 5.a3 Bxc3+ 6.Qxc3 Qe8 7.Nf3 b6 8.g3 Bb7
9.Bg2 d6 10.O-O a5 11.b3 Nbd7 12.Bb2 Ne4 13.Qc2 f5 14.Ng5 Ndf6 15.Nh3 Nd7
16.f3 Nef6 17.b4 Qe7 18.Bc3 axb4 19.axb4 c5 20.e4 fxe4 21.fxe4 cxd4 22.Bxd4 Rfc8
23.Qe2 e5 24.Bb2 Qe6 25.Rxa8 Rxa8 26.Ng5 Qg4 27.Qxg4 Nxg4 28.Rd1 Ndf6 29.Rxd6 h6
30.Rxb6 hxg5 31.Rxb7 Ra2 32.c5 Rxb2 33.c6 Rb1+ 34.Bf1 Ne3 35.Kf2 Nxf1 36.Rb8+ Kf7
37.c7 Nxe4+ 38.Ke2 Nd6 39.Rd8 Rc1 40.Rxd6 Nxg3+ 41.hxg3 Rxc7  1/2-1/2

[Event "Prague Mladi op"]
[Site "Prague"]
[Date "1990.??.??"]
[Round "4"]
[White "Dragomarezkij, Evgeni"]
[Black "Kiselev, Sergey"]
[Result "0-1"]
[WhiteElo "2385"]
[BlackElo "2450"]

1.d4 Nf6 2.c4 e6 3.Nc3 Bb4 4.Qc2 O-O 5.Nf3 b6 6.e4 d5 7.e5 Ne4 8.Bd3 Bb7
9.O-O Bxc3 10.bxc3 c5 11.Ba3 Re8 12.dxc5 Nd7 13.Rad1 bxc5 14.cxd5 exd5 15.c4 f5
16.exf6 Ndxf6 17.cxd5 Qa5 18.Bb2 Rad8 19.Bxf6 Nxf6 20.Ng5 Bxd5 21.Bxh7+ Kf8
22.Bg6 Re5 23.f4 Re7 24.Qf2 Bc4 25.Rxd8+ Qxd8 26.Qxc5 Bxa2 27.h3 Qb6 28.Rc1 Qxc5+
29.Rxc5 Rb7 30.Ra5 Bc4 31.Ne4 Bd3 32.Ra4 Nd5 33.g3 Rb1+ 34.Kg2 Rb2+ 35.Kf3 Be2+  0-1

[Event "Pula op"]
[Site "Pula"]
[Date "1990.??.??"]
[Round "1"]
[White "Tesic, Dragan"]
[Black "Sher, Miron N"]
[Result "0-1"]
[WhiteElo "2340"]
[BlackElo "2500"]

1.d4 Nf6 2.c4 e6 3.Nc3 Bb4 4.Qc2 O-O 5.a3 Bxc3+ 6.Qxc3 Qe8 7.f3 d6 8.e4 e5
9.d5 Nbd7 10.Ne2 a5 11.g4 a4 12.g5 Nh5 13.Ng3 f6 14.gxf6 Rxf6 15.Bg5 Rf8
16.Bh3 Nf4 17.Bxd7 Bxd7 18.Bxf4 Rxf4 19.Ne2 Rf6 20.O-O-O Qh5 21.Rd3 Raf8
22.Ng3 Qh6+ 23.Kb1 Rg6 24.Nf5 Rxf5 25.exf5 Bxf5 26.Ka2 Bxd3 27.Qxd3 Qf4 28.Qc2 Qxf3
29.Qxa4 h6 30.Rc1 e4 31.Rc3 Qf4 32.Qd7 Rg2 33.Qxc7 Qe5 34.Rb3 e3 35.Qc8+ Kh7
36.Qe6 Qf4 37.c5 dxc5 38.d6 Rg6 39.Qxe3 Qxe3 40.Rxe3 Rxd6 41.Re7 b6 42.Rb7 h5
43.Kb3 h4 44.Kc4 h3 45.a4 Rd4+ 46.Kb3 Rb4+ 47.Ka3 Kh6 48.Rc7 g5 49.a5 bxa5
50.Rxc5 Re4 51.Rc8 Kh5 52.Rc3 Kh4 53.Rc2 Rg4  0-1

[Event "Pula op"]
[Site "Pula"]
[Date "1990.??.??"]
[Round "4"]
[White "Sirotkina, Nina"]
[Black "Ivanovic, Bozidar"]
[Result "0-1"]
[WhiteElo "2235"]
[BlackElo "2520"]

1.d4 Nf6 2.c4 e6 3.Nc3 Bb4 4.Qc2 O-O 5.a3 Bxc3+ 6.Qxc3 b6 7.Bg5 Bb7 8.f3 d5
9.e3 Nbd7 10.cxd5 exd5 11.Bd3 Re8 12.Bf5 Nf8 13.Ne2 h6 14.Bf4 Nh5 15.O-O c5
16.Rfe1 Ba6 17.Bd3 cxd4 18.Nxd4 Rc8 19.Qd2 Bxd3 20.Qxd3 Nxf4 21.exf4 Qf6
22.f5 Nd7 23.Rxe8+ Rxe8 24.Rd1 Qh4 25.Qd2 Qe7 26.Rc1 Nf6 27.Nc6 Qc7 28.Nd4 Qe5
29.Nc6 Qxf5 30.Nxa7 Nh5 31.Nc6 Nf4 32.Nd4 Qg5 33.Kh1 Re2  0-1

[Event "Pula op"]
[Site "Pula"]
[Date "1990.??.??"]
[Round "4"]
[White "Chekhov, Valery A"]
[Black "Gostisa, Leon"]
[Result "1/2-1/2"]
[WhiteElo "2455"]
[BlackElo "2370"]

1.d4 Nf6 2.c4 e6 3.Nc3 Bb4 4.Qc2 O-O 5.a3 Bxc3+ 6.Qxc3 b6 7.Bg5 h6 8.Bh4 Ba6
9.e3 d5 10.cxd5 Bxf1 11.Kxf1 exd5 12.Bxf6 Qxf6 13.Ne2 Rc8 14.Rc1 c6 15.f3 Nd7
16.Kf2 Qd6 17.Qd2 Re8 18.Rc3 c5 19.dxc5 bxc5 20.Rd1 Nf6 21.Kg1 Qb6 22.Nf4 Rab8
23.b3 d4 24.exd4 cxd4 25.Rd3 Re3 26.b4 Rbe8 27.Qb2 g5 28.Rxe3 dxe3 29.Ne2 Nh5
30.Qd4 Nf4 31.Qxb6 axb6 32.Kf1 Rc8 33.g3 Nxe2 34.Kxe2 Rc3 35.Rd3 Rc2+ 36.Kxe3 Rxh2
37.g4 Kg7 38.Kd4 h5 39.gxh5 Rxh5 40.Ke4 Rh4+ 41.Kf5 f6 42.Rd7+ Kh6  1/2-1/2

[Event "Rome op"]
[Site "Rome"]
[Date "1990.??.??"]
[Round "1"]
[White "Lantini, Marco"]
[Black "Razuvaev, Yuri S"]
[Result "1/2-1/2"]
[WhiteElo "2245"]
[BlackElo "2545"]

1.d4 Nf6 2.c4 e6 3.Nc3 Bb4 4.Qc2 O-O 5.a3 Bxc3+ 6.Qxc3 d6 7.e3 b6 8.f3 c5
9.dxc5 bxc5 10.Nh3 a5 11.Be2 Qb6 12.Rb1 Nc6 13.O-O d5 14.Nf2 Ba6 15.g3 Rab8
16.Bd2 Rfd8 17.Qc2 Qa7 18.Rfc1 d4 19.Nd3 e5 20.e4 Ne8 21.f4 f6 22.fxe5 fxe5
23.Bg5 Rd6 24.Rf1 Rg6 25.h4 Nd6 26.Bh5 Re6 27.Qe2 h6 28.Bd2 a4 29.Qg4 Bc8
30.b4 Rf6 31.Qe2 Rxf1+ 32.Rxf1 Be6 33.b5 Ne7 34.Nxe5 Qb7 35.Bg4 Qc8 36.Bf4 Bxg4
37.Qxg4 Qxg4 38.Nxg4 Rb6 39.Bxd6 Rxd6 40.Rb1 Nc8 41.e5 Re6 42.Nf2 Nb6 43.Nd3 Nxc4
44.Nxc5 Rxe5 45.Nd7 Rd5 46.b6 Na5 47.Nb8 d3 48.Kf2  1/2-1/2

[Event "Rome op"]
[Site "Rome"]
[Date "1990.??.??"]
[Round "2"]
[White "Nikcevic, Nebojsa"]
[Black "Farago, Ivan"]
[Result "1/2-1/2"]
[WhiteElo "2335"]
[BlackElo "2475"]

1.d4 e6 2.c4 Nf6 3.Nc3 Bb4 4.Qc2 O-O 5.Bg5 h6 6.Bh4 c5 7.a3 Bxc3+ 8.bxc3 cxd4
9.cxd4 Qa5+ 10.Qd2 Qxd2+ 11.Kxd2 g5 12.Bg3 Nc6 13.e3 Na5 14.Rb1 b6 15.Bd3 Ba6
16.c5 Bxd3 17.Kxd3 Rfc8 18.Rb5 d5 19.Rxa5 bxa5 20.f3 Nh5 21.Bd6 Ng7 22.e4 Ne8
23.Bg3 Nc7 24.Ne2 Rab8 25.exd5 Nxd5 26.Bxb8 Rxb8 27.Rc1 Rb3+ 28.Nc3 Rxa3
29.Kc4 Nxc3 30.Rxc3 Rxc3+ 31.Kxc3 Kf8 32.Kc4 a6 33.Kb3 Ke7 34.Ka4 Kd7 35.Kxa5 Kc6
36.Kxa6 e5 37.dxe5 h5 38.Ka7 Kxc5 39.Kb7 Kd5 40.Kc7 Kxe5 41.Kd7 f5 42.Ke7 h4
43.h3 Kf4 44.Kf6 g4 45.fxg4 fxg4 46.hxg4 Kxg4 47.Kg6  1/2-1/2

[Event "Rome op"]
[Site "Rome"]
[Date "1990.??.??"]
[Round "7"]
[White "Vera, Reynaldo"]
[Black "Razuvaev, Yuri S"]
[Result "1/2-1/2"]
[WhiteElo "2475"]
[BlackElo "2545"]

1.d4 Nf6 2.c4 e6 3.Nc3 Bb4 4.Qc2 O-O 5.Nf3 c5 6.dxc5 Na6 7.g3 Nxc5 8.Bg2 Nce4
9.Bd2 Nxd2 10.Nxd2 Be7  1/2-1/2

[Event "ARG-ch"]
[Site "San Luis"]
[Date "1990.??.??"]
[Round "1"]
[White "Rubinetti, Jorge A"]
[Black "Tempone, Marcelo"]
[Result "1/2-1/2"]
[WhiteElo "2445"]
[BlackElo "2390"]

1.d4 Nf6 2.c4 e6 3.Nc3 Bb4 4.Qc2 O-O 5.a3 Bxc3+ 6.Qxc3 b6 7.Bg5 Bb7 8.f3 h6
9.Bh4 d5 10.cxd5 exd5 11.e3 Re8 12.Bf2 c5 13.Bb5 Bc6 14.Bd3 cxd4 15.Qxd4 Bd7
16.Ne2 Nc6 17.Qc3 Ne5 18.O-O Qc8 19.Qd2 Bf5 20.Bb5 Nc4  1/2-1/2

[Event "ARG-ch"]
[Site "San Luis"]
[Date "1990.??.??"]
[Round "2"]
[White "Fiorito, Fabian"]
[Black "Casafus, Ruben"]
[Result "1-0"]
[WhiteElo "2350"]
[BlackElo "2375"]

1.d4 Nf6 2.c4 e6 3.Nc3 Bb4 4.Qc2 O-O 5.a3 Bxc3+ 6.Qxc3 b6 7.Bg5 Bb7 8.Nh3 h6
9.Bh4 d5 10.cxd5 exd5 11.e3 Nbd7 12.Bd3 c5 13.f3 Qe7 14.Bf5 cxd4 15.Qxd4 Ne5
16.O-O Bc8 17.Bxc8 Raxc8 18.Rac1 g5 19.Bg3 Nc6 20.Qd3 Rfe8 21.Rfe1 Na5 22.Rxc8 Rxc8
23.Nf2 Qe6 24.Nd1 Nc4 25.Qd4 a6 26.Re2 b5 27.Be1 Qb6 28.Bc3 Qxd4 29.Bxd4 Ne8
30.Nc3 Nc7 31.Kf2 Rd8 32.b3 Nxa3 33.Bc5 Rb8 34.Bb4 Rb7 35.Ra2 a5 36.Bxa5 b4
37.Bxb4 Rxb4 38.Rxa3 Rb7 39.Ke2 Kg7 40.Kd3 Rb6 41.Kc2 Kf6 42.Ra5 Ke6 43.Rc5 Na6
44.Nxd5 Rxb3 45.Nc7+ Kd6 46.Rd5+  1-0

[Event "Sankt Augustin"]
[Site "Sankt Augustin"]
[Date "1990.??.??"]
[Round "4"]
[White "Paehtz, Thomas Sr"]
[Black "Wintzer, Joachim"]
[Result "1-0"]
[WhiteElo "2430"]
[BlackElo "2315"]

1.d4 e6 2.c4 Nf6 3.Nc3 Bb4 4.Qc2 O-O 5.a3 Bxc3+ 6.Qxc3 d6 7.g3 e5 8.Bg2 Re8
9.Nf3 e4 10.Nd2 d5 11.b3 c5 12.cxd5 Nxd5 13.Qxc5 Na6 14.Qc4 Be6 15.Bxe4 Nf6
16.Qd3 Nxe4 17.Nxe4 Qd5 18.f3 Bf5 19.O-O Rad8 20.Bb2 Bxe4 21.fxe4 Rxe4 22.Rac1 h6
23.Rc2 Rde8 24.Rf2 Nb8 25.Rc5 Qd6 26.Qc4 Qg6 27.Rc7 R4e6 28.Qc2 Qxc2 29.Rxc2 R6e7
30.Kf1 Rd8 31.Rd2 Nc6 32.Rf3 Rd5 33.Rfd3 f6 34.Kf2 f5 35.e3 Re6 36.Rc3 Nd8
37.Rdc2 Nf7 38.Rc7 Rb5 39.b4 Nd6 40.Rd7 Ne4+ 41.Kf3 Ng5+ 42.Ke2 Ne4 43.Rcc7 Rg6
44.Rxb7 Rxb7 45.Rxb7 a6 46.d5 h5 47.Be5 Kf8 48.d6 Ke8 49.a4 Re6 50.d7+ Ke7
51.Bxg7 Rd6 52.Bd4  1-0

[Event "Sankt Augustin"]
[Site "Sankt Augustin"]
[Date "1990.??.??"]
[Round "11"]
[White "Vegh, Endre"]
[Black "Wintzer, Joachim"]
[Result "1/2-1/2"]
[WhiteElo "2410"]
[BlackElo "2315"]

1.d4 e6 2.c4 Nf6 3.Nc3 Bb4 4.Qc2 O-O 5.Bg5 d6 6.e3 h6 7.Bh4 e5 8.Bd3 exd4
9.exd4 d5 10.cxd5 c6 11.Ne2 cxd5 12.O-O Be7 13.Rad1 Nc6 14.Bxf6  1/2-1/2

[Event "Wch Girls U20"]
[Site "Santiago"]
[Date "1990.??.??"]
[Round "?"]
[White "Arribas, Maritza"]
[Black "Kachiani Gersinska, Ketino"]
[Result "0-1"]
[WhiteElo "2190"]
[BlackElo "2365"]

1.d4 Nf6 2.c4 e6 3.Nc3 Bb4 4.Qc2 O-O 5.Bg5 d6 6.a3 Bxc3+ 7.Qxc3 Nbd7 8.e3 e5
9.Nf3 Qe7 10.Be2 a5 11.O-O a4 12.dxe5 dxe5 13.Bxf6 gxf6 14.e4 Nc5 15.Qe3 Rd8
16.Rad1 Be6 17.h3 b6 18.Nh4 Rxd1 19.Bxd1 Bxc4 20.Nf5 Qf8 21.Qg3+ Kh8 22.Qh4 Qd8
23.Qh6 Ne6 24.Re1 c5 25.Bh5 Qf8 26.Qxf6+ Ng7 27.Re3 Be6 28.Rg3 Bxf5 29.exf5 e4
30.Bxf7 Rd8 31.Kh2 Rd7 32.Qxb6 Rxf7 33.Qc6 Nxf5 34.Rg5 Qd8 35.Rg4 Qd6+  0-1

[Event "Wch U20"]
[Site "Santiago"]
[Date "1990.??.??"]
[Round "3"]
[White "Alterman, Boris"]
[Black "Ulibin, Mikhail"]
[Result "0-1"]
[WhiteElo "2400"]
[BlackElo "2500"]

1.d4 e6 2.c4 Nf6 3.Nc3 Bb4 4.Qc2 O-O 5.a3 Bxc3+ 6.Qxc3 b6 7.Bg5 Bb7 8.f3 h6
9.Bh4 d5 10.cxd5 exd5 11.e3 Re8 12.Nh3 Qe7 13.Bf2 c5 14.Bb5 Bc6 15.Be2 Bd7
16.Nf4 g5 17.Nd3 cxd4 18.Qxd4 Nc6 19.Qa4 d4 20.O-O dxe3 21.Bg3 Rad8 22.Rfe1 b5
23.Qa6 Nh5 24.Rac1 Nxg3 25.hxg3 Qd6 26.Nb4 Qxg3 27.Nxc6 Bh3  0-1

[Event "Wch U20"]
[Site "Santiago"]
[Date "1990.??.??"]
[Round "10"]
[White "Hauchard, Arnaud"]
[Black "Shirov, Alexei"]
[Result "0-1"]
[WhiteElo "2340"]
[BlackElo "2500"]

1.d4 Nf6 2.c4 e6 3.Nc3 Bb4 4.Qc2 O-O 5.a3 Bxc3+ 6.Qxc3 b6 7.Bg5 Bb7 8.Nh3 h6
9.Bh4 c5 10.dxc5 bxc5 11.f3 Nc6 12.Bf2 d5 13.Bxc5 d4 14.Qd2 Re8 15.e4 e5
16.Nf2 Qc7 17.b4 Nd8 18.Nd3 Ne6 19.Be2 Bxe4 20.fxe4 Nxe4 21.Qc2 N4xc5 22.Nxc5 Nxc5
23.bxc5 e4 24.O-O Rad8 25.Rad1 Qxc5 26.Kh1 d3 27.Bxd3 exd3 28.Qc3 Re3 29.h3 Qc6
30.Kg1 Re2 31.Rf3 Rc2 32.Qa5 Rd6 33.Qf5 Rg6 34.g4 Rf6 35.Qxd3 Qxf3 36.Qxc2 Qg3+
37.Qg2 Qe3+ 38.Kh1 Rf2  0-1

[Event "GRE-ch"]
[Site "Serres"]
[Date "1990.??.??"]
[Round "15"]
[White "Botsari Miladinovic, Anna Maria"]
[Black "Pandavos, Emanouel"]
[Result "0-1"]
[WhiteElo "2205"]
[BlackElo "2370"]

1.d4 Nf6 2.c4 e6 3.Nc3 Bb4 4.Qc2 O-O 5.a3 Bxc3+ 6.Qxc3 d6 7.Bg5 Nbd7 8.Nf3 Qe8
9.Qc2 b6 10.e4 e5 11.d5 h6 12.Bc1 a5 13.b3 Nc5 14.Nd2 Nh5 15.Bb2 f5 16.O-O-O fxe4
17.Nxe4 Bf5 18.f3 Qg6 19.Re1 Bxe4 20.fxe4 Rf4 21.b4 axb4 22.axb4 Rxe4 23.Rxe4 Nxe4
24.Bd3 Qg5+ 25.Kd1 Qg4+ 26.Ke1 Qh4+ 27.g3 Nexg3 28.Rg1 Ne2+ 29.Kxe2 Qxh2+  0-1

[Event "Sevilla op"]
[Site "Sevilla"]
[Date "1990.??.??"]
[Round "?"]
[White "Eslon, Jaan"]
[Black "Izeta Txabarri, Felix"]
[Result "1/2-1/2"]
[WhiteElo "2360"]
[BlackElo "2380"]

1.d4 Nf6 2.c4 e6 3.Nc3 Bb4 4.Qc2 O-O 5.a3 Bxc3+ 6.Qxc3 b6 7.Nf3 Bb7 8.Bg5 d6
9.e3 Nbd7 10.Bd3 e5 11.dxe5 Nxe5 12.Nxe5 dxe5 13.O-O Qd6 14.Bxf6 Qxf6 15.Qc2 Qh4
16.Rfd1 Rad8 17.Bf1 Qe7 18.Rxd8 Rxd8 19.Rd1 c5 20.Rxd8+ Qxd8 21.Qd3 Qxd3
22.Bxd3 g6 23.e4 f5 24.exf5 e4 25.Bc2 gxf5 26.g3 Kg7 27.f4 Bc8 28.Bd1 Be6
29.Be2 Kf7 30.Kf2 Kf6 31.Ke3 h5 32.h3 Kg6 33.g4 h4 34.Bf1 Kh7 35.Bg2 Kg6
36.Bf1 Kh7 37.Bg2 Kg6  1/2-1/2

[Event "UKR-ch"]
[Site "Simferopol"]
[Date "1990.??.??"]
[Round "?"]
[White "Karpman, Vadim"]
[Black "Kushch, Nikolai"]
[Result "1/2-1/2"]
[WhiteElo "2480"]
[BlackElo "2300"]

1.d4 Nf6 2.c4 e6 3.Nc3 Bb4 4.Qc2 O-O 5.a3 Bxc3+ 6.Qxc3 b6 7.Bg5 Bb7 8.Nh3 h6
9.Bh4 d5 10.cxd5 exd5 11.e3 Nbd7 12.Bd3 c5 13.f3 Qe7 14.Bf5 g5 15.Bg3 Rfe8
16.Kf2 cxd4 17.Qxd4 Nc5 18.Rad1 Rad8 19.Rhe1 Bc8 20.Bb1 Ne6 21.Qe5 Ng7 22.Qxe7 Rxe7
23.e4 Red7 24.exd5 Rxd5 25.Rxd5 Nxd5 26.Rd1 Be6 27.Ng1 Nf5 28.Ne2 Nfe3 29.Rc1 Nf5
30.Be5 f6 31.Nd4 Nxd4 32.Bxd4 Nf4 33.Bc3 Kf7 34.Rh1 Nd3+ 35.Bxd3 Rxd3 36.h4 Kg6
37.hxg5 fxg5 38.Re1 Kf7  1/2-1/2

[Event "Wch U18"]
[Site "Singapore"]
[Date "1990.??.??"]
[Round "?"]
[White "Lim, Jeremy"]
[Black "Jones, Lee"]
[Result "1-0"]
[WhiteElo "2365"]
[BlackElo "2210"]

1.d4 Nf6 2.c4 e6 3.Nc3 Bb4 4.Qc2 O-O 5.a3 Bxc3+ 6.Qxc3 Ne4 7.Qc2 f5 8.g3 c5
9.dxc5 Nc6 10.b4 a5 11.f3 Nf6 12.b5 Nd4 13.Qd3 e5 14.Bb2 Ne6 15.Qd6 e4 16.Nh3 Ne8
17.Qe5 d6 18.cxd6 exf3 19.exf3 f4 20.Bg2 Qb6 21.Rd1 Bd7 22.Bd4 Qxd6 23.Qxd6 Nxd6
24.Bf2 Rae8 25.O-O fxg3 26.hxg3  1-0

[Event "BUL-FRA m"]
[Site "Sofia"]
[Date "1990.??.??"]
[Round "5"]
[White "Chabanon, Jean Luc"]
[Black "Dimitrov, Vladimir"]
[Result "0-1"]
[WhiteElo "2390"]
[BlackElo "2455"]

1.d4 e6 2.c4 Nf6 3.Nc3 Bb4 4.Qc2 O-O 5.a3 Bxc3+ 6.Qxc3 b6 7.Bg5 Bb7 8.f3 h6
9.Bh4 d6 10.e4 c5 11.d5 Nbd7 12.Bd3 exd5 13.Bxf6 Nxf6 14.cxd5 a6 15.O-O-O b5
16.g4 Qb6 17.h4 b4 18.axb4 cxb4 19.Qd2 Nd7 20.g5 h5 21.Ne2 Ne5 22.Rh3 a5
23.f4 Ng4 24.Rf3 a4 25.Kb1 Rfc8 26.Ng3 g6 27.Nf1 a3 28.Ne3 axb2 29.Nxg4 Ra1+  0-1